[Event "Marienbad IM-III 2022"]
[Site "Marianske Lazne"]
[Date "2022.01.15"]
[Round "1.22"]
[White "Dev, Shah"]
[Black "Kantorik, Marian"]
[Result "1-0"]
[WhiteElo "2243"]
[BlackElo "2209"]
[Annotator "ChessBase"]
[PlyCount "47"]
[EventDate "2022.01.15"]
[EventType "tourn"]
[EventCountry "CZE"]
[SourceTitle "playchess.com"]
[Source "ChessBase"]
[SourceQuality "1"]
[TimeControl "40/5400+30:1800+30"]

1. d4 {[%emt 0:00:14]} d5 {[%emt 0:00:24]} 2. c4 {[%emt 0:00:05]} c6 {[%emt 0:00:14]} 3. Nf3 {[%emt 0:00:07]} dxc4 {[%emt 0:00:23]} 4. g3 {[%emt 0:01:12]} Nf6 {[%emt 0:00:26]} 5. Bg2 {[%emt 0:00:13]} g6 {[%emt 0:00:09]} 6. O-O {[%emt 0:03:51]} Bg7 {[%emt 0:00:15]} 7. Ne5 {[%emt 0:01:47]} Be6 {[%emt 0:06:34]} 8. Na3 {[%emt 0:02:44]} Nbd7 {[%emt 0:05:42]} 9. Naxc4 {[%emt 0:04:22]} Nxe5 {[%emt 0:01:40]} 10. Nxe5 {[%emt 0:00:07]} O-O {[%emt 0:02:02]} 11. e4 {[%emt 0:03:12]} Nd7 {[%emt 0:07:24]} 12. Nf3 {[%emt 0:04:25]} Bc4 {[%emt 0:06:00]} 13. Re1 {[%emt 0:00:25]} e5 {[%emt 0:02:21]} 14. Qc2 {[%emt 0:09:32]} Ba6 {[%emt 0:01:05]} 15. Bg5 {[%emt 0:04:21]} Qb6 {[%emt 0:02:26]} 16. Bh3 {[%emt 0:00:45]} h6 {[%emt 0:05:56]} 17. Bxd7 {[%emt 0:09:48]} hxg5 {[%emt 0:00:56]} 18. dxe5 {[%emt 0:00:07]} Qd8 {[%emt 0:12:07]} 19. e6 {[%emt 0:10:15]} Kh8 {[%emt 0:13:14]} 20. e5 {[%emt 0:13:32]} Qe7 {[%emt 0:12:58]} 21. Rad1 {[%emt 0:07:42]} Rad8 {[%emt 0:04:03]} 22. exf7 {[%emt 0:01:25]} Rxf7 {[%emt 0:04:38]} 23. Bg4 {[%emt 0:01:41]} Rdf8 {[%emt 0:05:09]} 24. Qxg6 {[%emt 0:00:24]} 1-0

[Event "Marienbad IM-III 2022"]
[Site "Marianske Lazne"]
[Date "2022.01.15"]
[Round "1.23"]
[White "Krawczyk, Flawian"]
[Black "Schmider, Niklas"]
[Result "1/2-1/2"]
[WhiteElo "2114"]
[BlackElo "2330"]
[Annotator "ChessBase"]
[PlyCount "49"]
[EventDate "2022.01.15"]
[EventType "tourn"]
[EventCountry "CZE"]
[SourceTitle "playchess.com"]
[Source "ChessBase"]
[SourceQuality "1"]
[TimeControl "40/5400+30:1800+30"]

1. e4 {[%emt 0:00:10]} e5 {[%emt 0:00:11]} 2. Nf3 {[%emt 0:00:07]} Nc6 {[%emt 0:00:07]} 3. Bb5 {[%emt 0:00:04]} a6 {[%emt 0:00:05]} 4. Ba4 {[%emt 0:00:04]} Nf6 {[%emt 0:00:06]} 5. d3 {[%emt 0:00:04]} Bc5 {[%emt 0:01:12]} 6. Nc3 {[%emt 0:01:15]} b5 {[%emt 0:00:19]} 7. Bb3 {[%emt 0:00:06]} d6 {[%emt 0:00:07]} 8. Nd5 {[%emt 0:00:05]} h6 {[%emt 0:00:27]} 9. c3 {[%emt 0:00:07]} Be6 {[%emt 0:02:36]} 10. Nxf6+ {[%emt 0:00:38]} Qxf6 {[%emt 0:00:08]} 11. O-O {[%emt 0:00:19]} O-O {[%emt 0:02:22]} 12. Bxe6 {[%emt 0:00:16]} fxe6 {[%emt 0:00:12]} 13. Be3 {[%emt 0:00:44]} Bxe3 {[%emt 0:10:35]} 14. fxe3 {[%emt 0:00:38]} Ne7 {[%emt 0:02:14]} 15. a4 {[%emt 0:08:30]} Rab8 {[%emt 0:28:47]} 16. axb5 {[%emt 0:05:03]} Rxb5 {[%emt 0:01:18]} 17. Qe2 {[%emt 0:02:43]} Rb6 {[%emt 0:01:31]} 18. Nd2 {[%emt 0:02:19]} Qg5 {[%emt 0:01:24]} 19. Rxf8+ {[%emt 0:00:12]} Kxf8 {[%emt 0:00:07]} 20. Nc4 {[%emt 0:00:19]} Rc6 {[%emt 0:00:16]} 21. Qf2+ {[%emt 0:07:06]} Kg8 {[%emt 0:02:18]} 22. h4 {[%emt 0:05:43]} Qg4 {[%emt 0:04:30]} 23. g3 {[%emt 0:01:37]} Ng6 {[%emt 0:03:53]} 24. Kh2 {[%emt 0:01:06]} d5 {[%emt 0:08:29]} 25. Nd2 {[%emt 0:04:48]} 1/2-1/2

[Event "Marienbad IM-III 2022"]
[Site "Marianske Lazne"]
[Date "2022.01.15"]
[Round "1.24"]
[White "Hollan, Martin"]
[Black "Bubalovic, Davorin"]
[Result "1-0"]
[WhiteElo "2361"]
[BlackElo "2220"]
[Annotator "ChessBase"]
[PlyCount "103"]
[EventDate "2022.01.15"]
[EventType "tourn"]
[EventCountry "CZE"]
[SourceTitle "playchess.com"]
[Source "ChessBase"]
[SourceQuality "1"]
[TimeControl "40/5400+30:1800+30"]

1. e4 {[%emt 0:09:49]} c5 {[%emt 0:00:08]} 2. Nf3 {[%emt 0:00:10]} d6 {[%emt 0:00:07]} 3. d4 {[%emt 0:00:11]} cxd4 {[%emt 0:00:07]} 4. Nxd4 {[%emt 0:00:09]} Nf6 {[%emt 0:00:08]} 5. Nc3 {[%emt 0:00:17]} a6 {[%emt 0:00:06]} 6. Be3 {[%emt 0:00:28]} e5 {[%emt 0:00:07]} 7. Nde2 {[%emt 0:00:13]} Be7 {[%emt 0:08:37]} 8. Ng3 {[%emt 0:00:37]} O-O {[%emt 0:01:52]} 9. Bc4 {[%emt 0:02:38]} Nc6 {[%emt 0:02:28]} 10. O-O {[%emt 0:00:26]} Be6 {[%emt 0:03:23]} 11. Nd5 {[%emt 0:01:02]} Rc8 {[%emt 0:04:06]} 12. Bb6 {[%emt 0:02:48]} Qd7 {[%emt 0:01:07]} 13. c3 {[%emt 0:00:35]} Bd8 {[%emt 0:00:48]} 14. Bxd8 {[%emt 0:16:05]} Qxd8 {[%emt 0:00:26]} 15. a4 {[%emt 0:00:43]} Bxd5 {[%emt 0:01:59]} 16. exd5 {[%emt 0:02:25]} Ne7 {[%emt 0:00:23]} 17. Ba2 {[%emt 0:06:58]} Re8 {[%emt 0:05:21]} 18. c4 {[%emt 0:03:13]} Qa5 {[%emt 0:05:52]} 19. Qb3 {[%emt 0:01:54]} h5 {[%emt 0:09:49]} 20. Qa3 {[%emt 0:02:44]} h4 {[%emt 0:21:45]} 21. b4 {[%emt 0:01:22]} Qb6 {[%emt 0:00:19]} 22. a5 {[%emt 0:04:47]} Qd4 {[%emt 0:00:32]} 23. Rad1 {[%emt 0:02:29]} Qf4 {[%emt 0:03:07]} 24. Ne2 {[%emt 0:03:08]} Qg4 {[%emt 0:00:58]} 25. Rfe1 {[%emt 0:03:11]} Nf5 {[%emt 0:02:20]} 26. h3 {[%emt 0:01:18]} Qg5 {[%emt 0:01:33]} 27. Qf3 {[%emt 0:10:21]} g6 {[%emt 0:10:07]} 28. c5 {[%emt 0:05:29]} e4 {[%emt 0:04:01]} 29. Qc3 {[%emt 0:08:42]} Nh5 {[%emt 0:02:07]} 30. Bb1 {[%emt 0:07:22]} e3 {[%emt 0:00:22]} 31. Bxf5 {[%emt 0:01:58]} exf2+ {[%emt 0:00:17]} 32. Kxf2 {[%emt 0:00:04]} Qxf5+ {[%emt 0:00:13]} 33. Qf3 {[%emt 0:01:16]} Qxf3+ {[%emt 0:00:42]} 34. gxf3 {[%emt 0:00:05]} dxc5 {[%emt 0:00:04]} 35. d6 {[%emt 0:00:26]} Red8 {[%emt 0:00:05]} 36. Nc3 {[%emt 0:02:33]} Nf6 {[%emt 0:03:21]} 37. b5 {[%emt 0:00:14]} axb5 {[%emt 0:04:17]} 38. Nxb5 {[%emt 0:00:12]} Ra8 {[%emt 0:01:24]} 39. Re7 {[%emt 0:00:26]} Rd7 {[%emt 0:00:56]} 40. Nc7 {[%emt 0:00:49]} Rad8 {[%emt 0:02:47]} 41. Rxd7 {[%emt 0:02:36]} Nxd7 {[%emt 0:05:31]} 42. Rb1 {[%emt 0:06:47]} Ne5 {[%emt 0:08:36]} 43. Rxb7 {[%emt 0:01:57]} Rxd6 {[%emt 0:01:06]} 44. a6 {[%emt 0:01:04]} Rd2+ {[%emt 0:00:15]} 45. Ke3 {[%emt 0:02:57]} Nc4+ {[%emt 0:02:28]} 46. Kf4 {[%emt 0:02:12]} Kg7 {[%emt 0:06:27]} 47. Ne6+ {[%emt 0:08:10]} Kf6 {[%emt 0:06:21]} 48. Ng5 {[%emt 0:01:47]} Nd6 {[%emt 0:01:52]} 49. Rxf7+ {[%emt 0:00:30]} Nxf7 {[%emt 0:00:04]} 50. Ne4+ {[%emt 0:00:03]} Ke6 {[%emt 0:00:24]} 51. Nxd2 {[%emt 0:00:04]} g5+ {[%emt 0:01:24]} 52. Ke4 1-0

[Event "Marienbad IM-III 2022"]
[Site "Marianske Lazne"]
[Date "2022.01.15"]
[Round "1.25"]
[White "Pourquet, Matthieu"]
[Black "Mannion, Stephen R"]
[Result "1/2-1/2"]
[WhiteElo "2169"]
[BlackElo "2267"]
[Annotator "ChessBase"]
[PlyCount "70"]
[EventDate "2022.01.15"]
[EventType "tourn"]
[EventCountry "CZE"]
[SourceTitle "playchess.com"]
[Source "ChessBase"]
[SourceQuality "1"]
[TimeControl "40/5400+30:1800+30"]

1. Nf3 {[%emt 0:00:09]} d5 {[%emt 0:00:06]} 2. c4 {[%emt 0:00:11]} d4 {[%emt 0:00:09]} 3. b4 {[%emt 0:01:49]} g6 {[%emt 0:00:08]} 4. g3 {[%emt 0:00:58]} Bg7 {[%emt 0:00:13]} 5. Bg2 {[%emt 0:00:09]} d3 {[%emt 0:15:03]} 6. Nc3 {[%emt 0:00:12]} Nc6 {[%emt 0:00:26]} 7. b5 {[%emt 0:14:15]} Nb4 {[%emt 0:07:49]} 8. O-O {[%emt 0:00:25]} Bf5 {[%emt 0:22:50]} 9. Ne1 {[%emt 0:13:59]} Bg4 {[%emt 0:13:26]} 10. Nf3 {[%emt 0:23:47]} dxe2 {[%emt 0:01:44]} 11. Qxe2 {[%emt 0:00:15]} Qd3 {[%emt 0:01:38]} 12. Qxd3 {[%emt 0:03:29]} Nxd3 {[%emt 0:00:07]} 13. Ba3 {[%emt 0:00:16]} O-O-O {[%emt 0:08:52]} 14. Ng5 {[%emt 0:03:51]} Ne5 {[%emt 0:00:28]} 15. Bb4 {[%emt 0:05:51]} h6 {[%emt 0:03:24]} 16. Nge4 {[%emt 0:00:23]} Nd3 {[%emt 0:02:46]} 17. Rab1 {[%emt 0:01:24]} Bd4 {[%emt 0:02:28]} 18. Ba3 {[%emt 0:05:36]} Be6 {[%emt 0:03:32]} 19. Nd5 {[%emt 0:02:49]} Bxd5 {[%emt 0:00:40]} 20. cxd5 {[%emt 0:00:04]} f5 {[%emt 0:00:31]} 21. Nc3 {[%emt 0:00:24]} Rh7 {[%emt 0:00:44]} 22. Ne2 {[%emt 0:02:01]} Bb6 {[%emt 0:01:22]} 23. Rb3 {[%emt 0:00:06]} Nc5 {[%emt 0:01:26]} 24. Bxc5 {[%emt 0:00:28]} Bxc5 {[%emt 0:00:21]} 25. Nf4 {[%emt 0:00:12]} Rd6 {[%emt 0:02:49]} 26. Re1 {[%emt 0:05:21]} Nf6 {[%emt 0:00:54]} 27. Rd3 {[%emt 0:03:44]} g5 {[%emt 0:02:47]} 28. Ne6 {[%emt 0:00:04]} Bb6 {[%emt 0:00:15]} 29. h3 {[%emt 0:03:00]} Rf7 {[%emt 0:00:16]} 30. Re5 {[%emt 0:02:01]} Nd7 {[%emt 0:01:49]} 31. Re1 {[%emt 0:00:05]} Nc5 {[%emt 0:00:19]} 32. Nxc5 {[%emt 0:01:44]} Bxc5 {[%emt 0:00:03]} 33. Kf1 {[%emt 0:03:40]} f4 {[%emt 0:02:20]} 34. g4 {[%emt 0:00:15]} b6 {[%emt 0:01:48]} 35. Be4 {[%emt 0:01:02]} Kb7 {[%emt 0:00:28]} 1/2-1/2

[Event "Marienbad IM-III 2022"]
[Site "Marianske Lazne"]
[Date "2022.01.16"]
[Round "2.21"]
[White "Jasny, Stanislav"]
[Black "Mannion, Stephen R"]
[Result "1/2-1/2"]
[WhiteElo "2298"]
[BlackElo "2267"]
[Annotator "TA"]
[PlyCount "25"]
[EventDate "2022.01.15"]
[EventType "tourn"]
[EventCountry "CZE"]
[SourceTitle "playchess.com"]
[Source "ChessBase"]
[SourceQuality "1"]

{[%evp 9,25,0,0,2,13,15,8,15,14,-35,-20,-34,-22,-4,0,0,14,0]} 1. d4 d5 2. Nf3 Nf6 3. e3 c5 4. c3 b6 {[#]} 5. Bb5+ $146 ({Predecessor:} 5. Bd3 Bb7 6. O-O Nbd7 7. Nbd2 e6 8. Qe2 Bd6 9. e4 dxe4 10. Nxe4 Nxe4 11. Bxe4 {½-½ (11) Prasanna Raghuram,R (2311)-Nguyen,H (2452) Budapest 2008}) 5... Bd7 6. Bd3 {D05: Colle System with ...e6.} g6 7. Nbd2 Bg7 8. Qe2 O-O 9. dxc5 (9. O-O $11 {should be considered.}) 9... bxc5 $15 10. e4 e6 11. e5 {The position is equal.} Ne8 12. O-O Nc6 13. Re1 {Not much happened in this game.  Weighted Error Value: White=0.07 (flawless) /Black=0.04 (flawless)} 1/2-1/2

[Event "Marienbad IM-III 2022"]
[Site "Marianske Lazne"]
[Date "2022.01.16"]
[Round "2.22"]
[White "Bubalovic, Davorin"]
[Black "Pourquet, Matthieu"]
[Result "0-1"]
[WhiteElo "2220"]
[BlackElo "2169"]
[Annotator "TA"]
[PlyCount "82"]
[EventDate "2022.01.15"]
[EventType "tourn"]
[EventCountry "CZE"]
[SourceTitle "playchess.com"]
[Source "ChessBase"]
[SourceQuality "1"]

{[%evp 22,82,25,0,6,-3,0,0,0,0,0,0,30,15,43,26,63,56,112,105,100,118,233,190,234,39,32,36,41,0,0,0,0,0,0,-27,-16,-37,-19,-58,-21,-85,-75,-67,-82,-80,-85,-208,-169,-183,-143,-158,-75,-157,-152,-805,-790,-904,-904,-29992,-29992,-29997,-29998]} 1. e4 {Tsesarsky,I} c5 2. Nf3 g6 3. d4 cxd4 4. Nxd4 Nc6 5. c4 Nf6 6. Nc3 Nxd4 7. Qxd4 d6 8. Be2 Bg7 9. Be3 O-O 10. Qd1 Be6 11. O-O a6 12. f3 Qa5 {B36: Sicilian: Maroczy Bind: Gurgenidze System.} 13. Rb1 Rfc8 14. b4 Qd8 {The position is equal.} 15. Nd5 {[#]} Bxd5 $146 ({Predecessor:} 15... Nxd5 16. cxd5 Bd7 17. Qd2 Bc3 18. Qd1 Qe8 19. Bd3 e6 20. dxe6 Bxe6 {0-1 (53) Zivanic,M (2450)-Ivanisevic,I (2547) Belgrade 2002 CBM 091 [Tsesarsky,I]}) 16. exd5 Qd7 (16... b5 $5) 17. Bb6 Qf5 18. Bd3 Qf4 19. Re1 Re8 (19... Nd7 $14 20. Re4 Qg5) 20. Be3 {A strong pair of Bishops.} Qh4 21. Bf2 Qh5 (21... Qh6 $16) 22. g4 Qg5 {[#]} (22... Qh3 $142 23. Bf1 Qh6) 23. Kg2 $2 (23. h4 $1 $18 {[%cal Rh4g5]} Qf4 24. Kg2) 23... Nh5 $1 $14 24. h4 Nf4+ 25. Kf1 (25. Kg3 $1 $14 Qf6 26. Qd2 (26. g5 Nh5+ 27. Kg2 Qf4 $11) 26... Nxd3 27. Qxd3) 25... Qh6 $1 $11 26. Re4 {Black must now prevent g5.} Be5 27. Qd2 $1 {And now g5 would win.} g5 $1 28. h5 Qf6 29. Rb3 h6 30. Bb1 Rac8 (30... b5 $5 {[%cal Re7e6]}) 31. a4 (31. b5 $11 {keeps the balance.}) 31... e6 $17 {[%cal Ob7b5]} 32. dxe6 Qxe6 33. Qc2 f5 {Black is more active.} 34. Rxe5 dxe5 35. c5 Kg7 (35... fxg4 36. Qh7+ Kf8 37. Bf5 (37. Qh8+ $2 Ke7 $17) 37... Qc4+ 38. Kg1 $15) 36. b5 Rcd8 ({Not} 36... fxg4 37. Qh7+ Kf8 38. c6 $11) (36... Red8 $142 {Hoping for ...Qd5.} 37. gxf5 Qf7 38. f6+ Kh8 39. bxa6 bxa6) 37. bxa6 (37. c6 $142) 37... Qxa6+ 38. Rb5 $2 (38. Kg1 $17 Ne2+ 39. Kg2) 38... Rd3 $19 {[%cal Bd8d3,Bd3d1,Bd1h1][%mdl 32]} 39. Kg1 Qc6 40. Qa2 Rd1+ 41. Kh2 {[#]} Rh1+ $1 {[%mdl 512] Quite a comeback for Black.  Weighted Error Value: White=0.72/Black=0.17 (very precise)} 0-1

[Event "Marienbad IM-III 2022"]
[Site "Marianske Lazne"]
[Date "2022.01.16"]
[Round "2.23"]
[White "Schmider, Niklas"]
[Black "Hollan, Martin"]
[Result "1-0"]
[WhiteElo "2330"]
[BlackElo "2361"]
[Annotator "TA"]
[PlyCount "105"]
[EventDate "2022.01.15"]
[EventType "tourn"]
[EventCountry "CZE"]
[SourceTitle "playchess.com"]
[Source "ChessBase"]
[SourceQuality "1"]

{[%evp 18,105,18,16,41,37,40,52,48,44,44,52,47,52,43,55,47,43,51,0,44,45,43,37,31,28,43,43,46,19,20,19,17,12,14,31,25,25,66,64,118,126,140,72,71,18,83,85,88,98,103,86,77,54,91,37,189,187,224,209,171,189,260,249,257,247,225,223,487,488,471,446,1477,1354,2635,2278,2478,2427,29979,29980,29978,29979,29981,29982,29982,29983,29983,29981,29980,29948]} 1. e4 e5 2. Nf3 Nc6 3. Bb5 a6 4. Ba4 Nf6 5. O-O Be7 6. Re1 b5 7. Bb3 Bb7 8. d3 O-O 9. Nc3 d6 10. a3 Nd4 {C84: Closed Ruy Lopez: Unusual White 6th moves.} 11. Nxd4 exd4 12. Ne2 c5 $1 {White is slightly better.} 13. Ng3 Bc8 14. h3 {[#]} Be6 $146 ({Predecessor:} 14... Ne8 15. c3 Bf6 16. cxd4 Bxd4 17. Ne2 Bf6 18. d4 Nc7 19. d5 Re8 20. Bc2 g6 {1-0 (40) Dannevig,O (2347)-Aulin Jansson,J (2287) Sandnes 2005}) 15. Bxe6 fxe6 16. e5 dxe5 17. Rxe5 Qd7 18. Ne4 (18. Qe2 $14) 18... Nxe4 (18... Nd5 $11) 19. Rxe4 $14 Bd6 20. Qg4 Rf6 21. Bf4 Raf8 {[%cal Rd6f4]} 22. Bxd6 Qxd6 23. Re2 Rf4 24. Qg3 ({Much weaker is} 24. Rxe6 Qd5 25. Qe2 Rxf2 $17) 24... e5 25. Rae1 {[%cal Ba1e1,Be1e4,Be4a4][%mdl 32]} R8f5 26. Re4 Rxe4 27. Rxe4 {[%mdl 4096] Endgame KQR-KQR} c4 (27... g6 $11) 28. Qg4 $1 g6 (28... Rf8 $14) 29. Qe2 $1 $16 c3 {[#]} 30. bxc3 ({Better is} 30. b4 $1) 30... dxc3 31. a4 (31. g4 $16 Rf8 32. Rxe5) 31... bxa4 (31... b4 $11) 32. Rxa4 Qb6 33. Rc4 a5 34. Rxc3 a4 35. Qe3 Rf6 36. Qxe5 (36. Qxb6 $16 Rxb6 37. Rc8+ Kf7 38. Ra8) 36... Qxf2+ {[#] Black cannot hold the game after this.} ({Black should try} 36... Rxf2 $14 37. Kh2 (37. d4 Rxc2 38. Re3 Qd8 $11) 37... Qb7) 37. Kh2 $1 $18 ({Resist} 37. Kh1 $6 Kg7 $16) 37... Qf4+ 38. Qxf4 Rxf4 {KR-KR} 39. Kg3 {Prevents Rf2.} g5 (39... Rb4 $142 40. Kf3 Rb2) 40. Rc5 h6 41. Ra5 Rb4 42. Kf3 Rb2 $2 (42... Kf7 43. Ke3 Ke7) 43. c4 {[%cal Bc2c4,Bc4c5,Bc5c6,Bc6c7][%mdl 32]} Rd2 44. Ke4 {Hoping for d4.} Re2+ (44... Rxg2 $142 45. Rxa4 h5) 45. Kd5 Rxg2 46. c5 Rg3 47. d4 {[%cal Bd3d4,Bd4d5][%mdl 32] And now c6 would win.} a3 48. c6 {White mates.} Rc3 49. Kd6 h5 50. Rxg5+ Kf7 51. c7 Rc4 52. d5 Kf6 53. Rg3 {Weighted Error Value: White=0.08 (flawless) /Black=0.41} 1-0

[Event "Marienbad IM-III 2022"]
[Site "Marianske Lazne"]
[Date "2022.01.16"]
[Round "2.24"]
[White "Kantorik, Marian"]
[Black "Krawczyk, Flawian"]
[Result "1-0"]
[WhiteElo "2209"]
[BlackElo "2114"]
[Annotator "TA"]
[PlyCount "77"]
[EventDate "2022.01.15"]
[EventType "tourn"]
[EventCountry "CZE"]
[SourceTitle "playchess.com"]
[Source "ChessBase"]
[SourceQuality "1"]

{[%evp 23,77,-25,-15,-41,0,-21,-36,-24,-39,-44,-31,-54,56,52,57,39,84,76,89,72,58,0,69,64,68,55,50,8,7,24,113,60,147,143,128,85,166,125,212,211,200,210,172,149,202,175,2402,2046,2158,2154,2116,1940,1750,1699,29981,1550]} 1. d4 Nf6 2. c4 g6 3. Nc3 Bg7 4. e4 d6 5. f3 O-O 6. Be3 c5 7. d5 e6 8. Bd3 exd5 9. cxd5 Nbd7 10. Nge2 Ne5 11. O-O a6 12. a4 Rb8 13. a5 {E81: King's Indian: Sämisch: 6th move deviations (including 6 Be3 c6).} Bd7 {[#]} (13... Nfd7 $15 {is more appropriate.}) 14. b3 $146 {[%cal Bb2b3,Bb3b4][%mdl 32]} ({Predecessor:} 14. h3 Qc8 15. Nc1 b5 16. axb6 Rxb6 17. f4 Nxd3 18. Nxd3 Bb5 19. e5 Nd7 20. Nxb5 Rxb5 {0-1 (44) Ballo,E (2182)-Rapoport,V (2271) Germany 2007}) 14... Nxd3 15. Qxd3 {Black is slightly better.} Ne8 16. Ra2 f5 17. Rb1 g5 (17... b5 $15 18. axb6 Rxb6) 18. b4 $14 f4 19. Bf2 c4 (19... cxb4 $14 20. Rxb4 g4) 20. Qxc4 $16 g4 21. Qd3 Qg5 22. fxg4 (22. Nd4 $14) 22... Qxg4 (22... Nf6 $1 $11) 23. Nd4 Nf6 24. h3 $36 {[%mdl 2048] White is more active.} Qg6 25. Ne6 (25. Nf5 $1 $14 Bxf5 26. exf5) 25... Bxe6 $11 26. dxe6 {Strongly threatening e7.} Rfe8 {[#]} (26... Rbe8 $11 {keeps the balance.}) 27. Qxd6 {White is more active.} (27. e7 Rxe7 28. Qxd6 Rbe8) (27. b5 $1 $16) 27... Rbd8 ({Better is} 27... f3 $14 28. Qg3 Qxg3 29. Bxg3 Rbc8) 28. Qxf4 $16 {Hoping for Qf5.} Rxe6 29. Qf5 ({White should try} 29. Rd2 Rde8 30. Qf5) 29... Qe8 (29... Nxe4 $16 30. Qxg6 hxg6 31. Nxe4 Rxe4) 30. Rf1 (30. Re1 $18) 30... Re5 (30... Nxe4 $16 31. Nxe4 Rxe4) 31. Qf3 $18 {Black must now prevent Bh4.} Nxe4 32. Nxe4 Rxe4 33. Bc5 Qg6 (33... Rd7 $16 34. Raf2 h6) 34. Raf2 Rd7 $2 (34... Kh8 35. Rd1 Rxd1+ 36. Qxd1 Re8) 35. Qb3+ ({Less strong is} 35. Rd1 Qe8 36. Qb3+ (36. Rdf1 h6 $16) 36... Kh8 37. Rxd7 Qxd7 $18) 35... Qe6 36. Qg3 {[%csl Gc5,Gf1][%cal Rf2f8] [#]} h6 37. Rf6 $1 Qxf6 38. Rxf6 {Intending Qg6 and mate.} Rd1+ 39. Rf1 {Weighted Error Value: White=0.22 (precise) /Black=0.57} (39. Kh2 $142 Ree1 40. Qg6 Rf1 41. Qf7+ Kh8 42. Rxf1 Rxf1 43. Qxf1 Kg8 44. Qf5) 1-0

[Event "Marienbad IM-III 2022"]
[Site "Marianske Lazne"]
[Date "2022.01.16"]
[Round "2.25"]
[White "Mica, Marek"]
[Black "Dev, Shah"]
[Result "0-1"]
[WhiteElo "2303"]
[BlackElo "2243"]
[Annotator "TA"]
[PlyCount "80"]
[EventDate "2022.01.15"]
[EventType "tourn"]
[EventCountry "CZE"]
[SourceTitle "playchess.com"]
[Source "ChessBase"]
[SourceQuality "1"]

{[%evp 23,79,0,0,2,67,83,74,69,56,68,96,81,113,120,111,38,29,9,114,0,0,0,-5,-5,-5,-6,231,220,265,259,313,327,306,316,378,364,475,260,306,253,235,0,109,104,173,-15,-7,-13,-9,-12,-24,-11,0,0,0,0,0,-29999]} 1. c4 c5 2. Nf3 Nf6 3. g3 Nc6 4. Nc3 d5 5. cxd5 Nxd5 6. Bg2 Nc7 7. O-O e5 8. d3 Be7 9. Nd2 Bd7 10. Nc4 f6 11. f4 b5 12. Ne3 exf4 13. Nf5 {A34: Symmetrical English: 2 Nc3, lines with ...d5.} O-O (13... b4 $11) 14. Nxe7+ $14 Qxe7 15. Bxf4 {White is better.} Ne6 16. Nd5 {[#]} Qf7 $146 ({Predecessor:} 16... Qd8 17. Bd6 Re8 18. Rc1 Rc8 19. Bxc5 Ncd4 20. Bxd4 Rxc1 21. Qxc1 Nxd4 22. Qc5 Nxe2+ {0-1 (50) Pashikian,A (2621)-Lupulescu,C (2608) Budva 2009}) 17. Bd6 Rfe8 18. Rc1 Rac8 19. e4 (19. e3 $16) 19... Ncd4 20. Be5 {[%cal Rf1f6] Black must now prevent Rxf6!} Ng5 (20... Nc6 $11 {keeps the balance.} 21. Bd6 Ncd4) 21. Bd6 (21. Bxd4 $16 cxd4 22. Rxc8 Rxc8 23. h4) 21... h5 22. Rxc5 Rxc5 23. Bxc5 {[#]} Bg4 $1 24. Qa1 Ne2+ (24... Ndf3+ $1 $11 {and Black has nothing to worry.} 25. Kh1 f5) 25. Kh1 $18 f5 26. Qe1 Qd7 {[%cal Rf5e4]} 27. Qd2 Ne6 28. Be3 {A strong pair of Bishops.} fxe4 29. dxe4 {[%cal Od5f6] Strongly threatening Nf6+!} Nf8 30. Bf2 ({Don't do} 30. Rf2 a6 31. Rxe2 Bxe2 32. Qxe2 Qf7 $18) (30. Re1 $142) 30... Ng6 31. Qg5 Kh7 32. Qd2 $2 (32. Be3 $18 Ne5 33. Bc5) 32... h4 (32... Kg8 $1 $11 {remains equal.} 33. Bc5 Re5) 33. gxh4 $16 {Threatens to win with Be1.} Ngf4 (33... Nef4 $16) 34. Rd1 $2 ({White has to play} 34. Bd4 $18 Nxg2 {[#]} 35. Bxg7 $1 {[%mdl 512]}) 34... Qf7 $11 35. Nxf4 Nxf4 36. Re1 $1 ({Wrong is} 36. Rg1 $2 Nxg2 37. Rxg2 Bf3 $19) 36... Nxg2 37. Kxg2 Qf3+ $40 {[%mdl 128] Black mounts an attack.} 38. Kg1 Bh3 {[%csl Gh3][%cal Rf3g2]} 39. Bg3 Rxe4 {[%mdl 64] Overworked Piece} 40. Rxe4 {[%mdl 8192]} (40. Qc2 $11 Bf5 41. Rf1) 40... Qf1# {What a bad dream for White.  Weighted Error Value: White=0.55/Black=0.51} ({Not} 40... Qxe4 41. Kf2 $15) 0-1

[Event "Marienbad IM-III 2022"]
[Site "Marianske Lazne"]
[Date "2022.01.17"]
[Round "3.21"]
[White "Dev, Shah"]
[Black "Jasny, Stanislav"]
[Result "1/2-1/2"]
[WhiteElo "2243"]
[BlackElo "2298"]
[Annotator "TA"]
[PlyCount "67"]
[EventDate "2022.01.15"]
[EventType "tourn"]
[EventCountry "CZE"]
[SourceTitle "playchess.com"]
[Source "ChessBase"]
[SourceQuality "1"]

{[%evp 12,67,32,12,12,0,16,3,19,0,10,-62,28,15,18,16,19,25,50,46,45,53,53,31,29,32,48,15,13,0,0,0,0,0,9,0,2,6,43,47,45,43,48,44,43,43,53,8,8,8,8,0,0,0,0,0,8,7]} 1. d4 d6 2. g3 g6 3. Bg2 Bg7 4. Nf3 Nd7 5. c4 e5 6. Nc3 Ne7 7. e4 exd4 {A41: 1 d4 d6: Tartakower System and Modern Defence.} 8. Nxd4 Nc6 9. Nxc6 bxc6 10. f4 {To avoid Ne5} O-O {[#]} 11. Be3 $146 (11. Qc2 $11) ({Predecessor:} 11. Ne2 Nc5 12. O-O Qe8 13. Qc2 f5 14. e5 dxe5 15. fxe5 Bd7 16. Bf4 Bxe5 17. Rae1 Qf7 18. Bxe5 {1-0 (18) Alves Farias,S-De Campos,C Brazil CXEB 1995}) 11... Rb8 (11... Bxc3+ $15 12. bxc3 c5) 12. Qd2 Nb6 13. b3 c5 14. O-O Bb7 15. Rad1 {[%cal Oe4e5]} Qe7 {To avoid e5} 16. Rfe1 {[%cal Oe4e5]} Rbd8 17. Nd5 Nxd5 18. cxd5 c6 19. dxc6 Bxc6 20. e5 dxe5 21. Qf2 Rxd1 22. Rxd1 Qb7 23. fxe5 Bxg2 24. Qxg2 Qxg2+ (24... Qc7 $11) 25. Kxg2 $14 Bxe5 26. Bxc5 $11 {[%mdl 4096] Endgame KRB-KRB} Rc8 27. Rd5 f6 28. b4 a6 29. a4 (29. Kf3 $14 {might be stronger.}) 29... Kf7 {The position is equal.} 30. Rd7+ Ke6 $1 31. Rxh7 a5 $1 32. Kf3 axb4 33. Bxb4 Rc4 34. Rb7 {Weighted Error Value: White=0.15 (very precise) /Black=0.10 (very precise)} 1/2-1/2